000
00274nam a22001337a 4500
008
170823b xxu||||| |||| 00| 0 eng d
020
_a
0387974164
041
_a
eng
080
_a
51
100
_a
38
101
_a
MAT
245
_a
MACMATH
_c
HUBBARD,J.H
942
_2
udc
_c
BK
999
_c
24649
_d
24649